All German Premier League Players - Statistics

General Stats
  • This quiz has been taken 81 times
    77 since last reset
  • The average score is 8 of 12
Answer Stats
Club Pos Former Club Answer % Correct
Arsenal MID Chelsea Kai Havertz
97%
Man City MID Barcelona Ilkay Gundogan
96%
Fulham GK Arsenal Bernd Leno
93%
Spurs ATT Leipzig Timo Werner
90%
West Ham ATT Dortmund Niclas Fullkrug
86%
Man City GK Arminia Bielefeld Stefan Ortega
86%
Southampton DEF Bochum Armel Bella-Kotchap
52%
Brentford ATT Freiburg Kevin Schade
51%
Brighton MID Mainz Brajan Gruda
41%
Brentford MID Bochum Vitaly Janelt
39%
Fulham GK Swansea City Steven Benda
20%
Nottingham MID St. Pauli Eric Moreira da Silva
13%
No matching quizzes found
Score Distribution
Percent of People with Each Score
Percentile by Number Answered
Your Score History
You have not taken this quiz since the last reset